Croatian cities and towns - Statistics

General Stats
  • This quiz has been taken 2,935 times
  • The average score is 62 of 128
Answer Stats
Answer % Correct
Zagreb
97%
Split
92%
Dubrovnik
91%
Pula
88%
Rijeka
88%
Zadar
88%
Osijek
87%
Vukovar
85%
Šibenik
81%
Varaždin
81%
Karlovac
79%
Slavonski Brod
79%
Sisak
74%
Krk
72%
Vinkovci
71%
Bjelovar
70%
Čakovec
69%
Gospić
69%
Hvar
68%
Knin
68%
Makarska
68%
Rovinj
67%
Sinj
67%
Požega
66%
Velika Gorica
66%
Poreč
65%
Senj
65%
Koprivnica
64%
Krapina
64%
Virovitica
64%
Trogir
63%
Cres
62%
Pazin
62%
Zaprešić
62%
Opatija
61%
Samobor
61%
Ogulin
60%
Đakovo
59%
Pag
59%
Umag
59%
Petrinja
58%
Ilok
57%
Biograd na Moru
56%
Crikvenica
56%
Daruvar
56%
Beli Manastir
54%
Kutina
54%
Omiš
54%
Županja
54%
Korčula
53%
Križevci
53%
Solin
53%
Imotski
52%
Rab
52%
Delnice
51%
Metković
51%
Nin
51%
Vis
50%
Kaštela
48%
Nova Gradiška
48%
Ploče
48%
Mali Lošinj
47%
Našice
47%
Stari Grad
47%
Novigrad
46%
Novi Vinodolski
44%
Vodice
44%
Benkovac
43%
Dugo Selo
43%
Glina
42%
Ivanić-Grad
42%
Jastrebarsko
42%
Novalja
42%
Slatina
42%
Slunj
42%
Labin
41%
Otočac
41%
Zabok
41%
Novska
39%
Sveta Nedelja
39%
Bakar
38%
Supetar
38%
Drniš
37%
Pakrac
37%
Đurđevac
36%
Donji Miholjac
35%
Opuzen
35%
Valpovo
35%
Duga Resa
34%
Lipik
34%
Ludbreg
34%
Belišće
33%
Buzet
33%
Otok
33%
Čazma
32%
Hrvatska Kostajnica
32%
Komiža
32%
Obrovac
32%
Sveti Ivan Zelina
32%
Trilj
31%
Vrbovec
31%
Kutjevo
30%
Garešnica
29%
Ivanec
29%
Novi Marof
29%
Buje
28%
Čabar
28%
Lepoglava
28%
Ozalj
28%
Vrgorac
28%
Orahovica
27%
Skradin
27%
Kastav
26%
Varaždinske Toplice
26%
Vrbovsko
26%
Zlatar
26%
Mursko Središće
25%
Popovača
25%
Prelog
25%
Pleternica
24%
Vodnjan
24%
Vrlika
24%
Kraljevica
22%
Donja Stubica
21%
Grubišno Polje
21%
Oroslavje
20%
Pregrada
19%
Klanjec
17%
No matching quizzes found
Score Distribution
Percent of People with Each Score
Percentile by Number Answered
Your Score History
You have not taken this quiz